Female TV Characters A-Z Quiz Stats

 Plays Quiz Updated Nov 19, 2015

Challenge
Share
Tweet
Score 0/25 Timer 06:00
0 Plays Today
% Correct
Monica Geller (Friends)
91.7%
Xena (Xena: Warrior Princess)
87.2%
Penny (The Big Bang Theory)
81.5%
Ally McBeal (Ally McBeal)
79.6%
Veronica Mars (Veronica Mars)
78.9%
Grace Adler (Will & Grace)
78.4%
Elaine Benes (Seinfeld)
77.5%
Robin Scherbatsky (How I Met Your Mother)
65.7%
Clair Huxtable (The Cosby Show)
65.6%
Dana Scully (The X-Files)
62.5%
Olivia Benson (Law & Order)
62.1%
Quinn Fabray (Glee)
61.9%
Kelly Bundy (Married... With Children)
61.7%
% Correct
Haley Dunphy (Modern Family)
61.6%
Blanche Devereaux (The Golden Girls)
61.5%
Isobel 'Izzie' Stevens (Grey's Anatomy)
60.9%
Felicity Porter (Felicity)
60.9%
Jackie Burkhart (That '70s Show)
57.9%
Willow Rosenberg (Buffy the Vampire Slayer)
51.3%
Nancy Botwin (Weeds)
38.7%
Lisa Cuddy (House M.D.)
37.3%
Temperance Brennan (Bones)
32.4%
Ygritte (Game of Thrones)
29.3%
Skyler White (Breaking Bad)
28%
Ziva David (NCIS)
25.5%

You're not logged in!

Compare scores with friends on all Sporcle quizzes.
OR
Log In

You Might Also Like...

Show Comments

Extras

Top Quizzes Today


Score Distribution

Your Account Isn't Verified!

In order to create a playlist on Sporcle, you need to verify the email address you used during registration. Go to your Sporcle Settings to finish the process.

Report this User

Report this user for behavior that violates our Community Guidelines.

Details: